| 000 | 00652nam a22001937a 4500 | ||
|---|---|---|---|
| 003 | OSt | ||
| 005 | 20131104175202.0 | ||
| 008 | 130424s2008 sp ||||| |||| 00| 0 spa d | ||
| 020 | _a9788461267262 | ||
| 040 | _cCDMR | ||
| 245 | 0 | 3 |
_aEl periodismo ambiental _b: análisis de un cambio cultural en España _ccoordinación Antonio Cerrillo |
| 260 |
_aBarcelona _bFundación Gas Natural _c2008 |
||
| 300 | _a198 p. | ||
| 490 | 0 |
_aGuías técnicas de energía y medio ambiente _v14 |
|
| 650 | 0 | 4 |
_92077 _aMitjans de comunicació de massa i medi ambient |
| 650 | 0 | 4 |
_92804 _aPeriodisme científic |
| 700 | 1 |
_93258 _aCerrillo, Antonio _ecoord. |
|
| 942 |
_2udc _cMON |
||
| 999 |
_c6122 _d6122 |
||